000
00336nam a2200145Ia 4500
005
20251222152606.0
008
251222s9999||||xx |||||||||||||| ||spa||
020
_a
8436252632
082
_a
800/G72
100
_a
González de Viñapre, Pedro
245
0
_a
Buscando a un Hombre
250
_a
1ra. ed.
264
_b
UNED
942
_c
LIB
999
_c
26776
_d
26776